Classement de Ligue 1 par population des villes. - Statistiques

Statistiques générales
  • Ce quiz a été pris 141 fois
  • Le résultat moyen est 16 sur 18
Statistiques - réponses
Position Population Clubs % Correct
2 883 000 Olympique de Marseille
100%
3 527 000 Olympique Lyonnais
100%
1 2 129 000 Paris Saint Germain
100%
5 357 000 OGC Nice
97%
9 241 000 Lille OSC
95%
6 330 000 FC Nantes
94%
8 295 000 RC Strasbourg
94%
10 232 000 Stade Rennais
94%
4 517 000 Toulouse FC
94%
7 311 000 Montpellier HSC
89%
12 174 000 AS Saint Etienne
88%
18 33 000 RC Lens
87%
15 143 000 Stade Brestois
87%
11 181 000 Stade de Reims
84%
13 168 000 Le Havre AC
81%
14 161 000 Angers SCO
79%
16 39 000 AS Monaco
78%
17 35 000 AJ Auxerre
74%
Aucun quiz correspondant
Distribution des résultats
% des personnes avec chaque résultat
Percentile par nombre de réponses
Votre historique - résultats
Vous n’avez pas pris ce quiz